000 00484nam a2200181Ia 4500
005 20250508152839.0
008 008 250505s9999 xx 000 0 eng d
037 _aTextual
040 _aFEDL
_beng
_cFEDL
041 _aeng
_2eng
084 _a621.388, MOR
_qFEDL
100 _aMorgan T J
_9762553
245 0 _aTelevision
260 _aLondon, UK
_bFrederick Muller Limited
_c1961
300 _a143p.
942 _cTEXL
_h621.388, MOR
999 _c1339167
_d1339167